| 000 | 00868nam a2200253 a 4500 | ||
|---|---|---|---|
| 001 | 000024334 | ||
| 005 | 20240509185222.0 | ||
| 008 | 110126s1982 ag r 000 | spa d | ||
| 020 | _z9500163232 | ||
| 040 |
_aDO-SdBNP _bspa _cBNPHU |
||
| 041 | 1 | 7 |
_aeng _hspa _2Código de idioma MARC |
| 082 |
_a301 _bM479a |
||
| 100 | 1 |
_aMead, Margaret _949631 |
|
| 240 | 1 | 0 |
_aAnthropology, a human science. _lEspañol |
| 245 | 1 | 0 |
_aAntropología, la ciencia del hombre / _cMargaret Mead ; traducción de Alfredo Llanos. |
| 260 |
_aBuenos Aires, (Argentina) : _bEdiciones Siglo Veinte, _c1982. |
||
| 300 |
_a153 p. ; _c20 cm. |
||
| 534 |
_aTítulo original en ingles : _tAnthropology, a human science. |
||
| 650 | 0 |
_aAntropología _985431 |
|
| 650 | 4 |
_aAntropología social _92424 |
|
| 650 | 4 |
_aAntropometría _949910 |
|
| 700 | 1 |
_aLlanos, Alfredo, _etr. _949911 |
|
| 049 | _aBNRG | ||
| 999 |
_c23827 _d23827 |
||